000 00690nam a2200253Ia 4500
003 OSt
005 20220918174841.0
006 a|||||r|||| 00| 0
007 ta
008 220917b |||||||| |||| 00| 0 eng d
024 _a14,435
037 _cTextual
040 _aARTS
_cARTS
_beng
041 _2eng
_aeng
082 _aNV436, L3
100 _aHooykaas C.
_952004
245 0 _aKama and Kala
_b materials for the study of Shadow theatre in Bali
260 _aAmsterdam
_bNorth-Holland Pub
_c1973
300 _a320p. 96 plates
_ccm.
500 _aAppendix 70-145p
650 _aARTS
942 _hNV436, L3
_cTEXL
_2CC
999 _c154983
_d154983